000 01227nam a2200301 i 4500
001 93474
003 ES-MaACL
005 20251015164735.0
007 t|
008 050530s1963 sp ||||1| spa d
080 _a75 Sucre, José María de (083.82)
100 1 _aSucre, José María de.
_9108712
245 1 0 _aDe Sucre
_b: [exposición, Sala de Santa Catalina del Ateneo de Madrid, 13 de diciembre de 1963] /
_c[Texto: J. E. Cirlot y A. Sauvenier].
260 _a[Madrid] :
_bPublicaciones Españolas,
_c[1963]
300 _a[18] p. :
_bprincipalmente il. n. ;
_c28 cm.
490 1 _aCuadernos de arte. Colección ordinaria ;
_v129
500 _aTexto en español y en francés.
600 1 4 _aSucre, José María de-
_vExposiciones.
_9108713
610 2 7 _aAteneo de Madrid-
_vExposiciones-
_y1960-1969.
_91920
655 7 _2tgfbne
_9193628
_aCatálogos de exposiciones
700 1 _aCirlot, Juan-Eduardo,
_d1916-1973
_938898
700 1 _aSauvenier, Albert C.
_9104036
710 2 _aAteneo de Madrid.
_bSala de Santa Catalina.
_91964
830 0 _aCuadernos de arte. Colección ordinaria
_v129
_9180064
852 _aES-MaACL
_j2194-F-8
_996930
_bR.136118
_cDEPOF
942 _2udc
_cFOLLETOS
999 _c93474
_d93474